Just add magic recipies - Statistics

General Stats
  • This quiz has been taken 30 times
    29 since last reset
  • The average score is 14 of 24
Answer Stats
Hint Answer % Correct
shut'em up shortcake
100%
last-ditch layer cake
92%
bitter truth truffles
92%
cant recall caramel
88%
lemon lie-m mints
84%
pick a date dates
80%
if these walls could taco
80%
BFF PB&J
72%
mind peering peppermints
72%
itchy ice cream
68%
chicken-n fixits
60%
give it up gumdrops
56%
please comment any quizideas and type ok ok
56%
curse breaking candied stone fruit
44%
kick-em-out chicken soup
44%
go away gumbo
44%
lay waste lunar lollipops
44%
extract the magic mac & cheese
40%
make it visible vinegar pie
40%
chill out chalupas
36%
noteworthy horchata
32%
memory mallows
32%
pay attention potato chips
28%
magnetic pull-ed pork sandwiches
28%
No matching quizzes found
Score Distribution
Percent of People with Each Score
Percentile by Number Answered
Your Score History
You have not taken this quiz since the last reset